Sports en image par lettre - H / I / J - Statistiques

Statistiques générales
  • Ce quiz a été pris 83 fois
  • Le résultat moyen est 7 sur 12
Statistiques - réponses
Par images Réponse % Correct
Handball
97%
Hockey sur glace
93%
Hockey sur gazon
90%
Judo
90%
Haltérophilie
89%
Javelot
86%
Jet ski
85%
Hip hop
59%
Indiaca
3%
Hurling
0%
Ice cross
0%
Jianzi
0%
Aucun quiz correspondant
Distribution des résultats
% des personnes avec chaque résultat
Percentile par nombre de réponses
Votre historique - résultats
Vous n’avez pas pris ce quiz